000 00564nam a2200193Ii 4500
003 JO-AjNU
008 230605s9999||||xx |||||||||||||| ||und||
040 _aJO-AjNU
_bara
_erda
_cJO-AjNU
041 _aara
050 1 4 _aQA402 2008
100 3 _aالمحمد، مصطفى,
_eauthor
_931012
245 0 0 _aتحليل النظم
264 3 1 _aعمان:مكتبة الراتب، 2008
300 _a1007ص
336 _atext
_btxt
_2rdacontent
337 _aunmediated
_bn
_2rdamedia
338 _avolume
_bnc
_2rdacarrier
650 4 _aتحليل النظم
_931013
999 _aA12358
_c15926
_d15926